| 000 | 01218cam a22001934a 4500 | ||
|---|---|---|---|
| 005 | 20250605164359.0 | ||
| 008 | 250528s ||||||||||||||||||||||||d | ||
| 035 | _a24496 | ||
| 040 |
_aGR-AtMCL _bgre _dGR-AtMCL _eAACR2 |
||
| 245 | 1 | _aΜία Εταιρεία Οφείλει και Πρέπει να Είναι Κοινωνικά Υπεύθυνη | |
| 260 | _c2017 | ||
| 300 | _a50 | ||
| 520 | _aΜια Εταιρεί Οφείλει και Πρέπει να Είναι Κοινωνικά Υπεύθυνη, Θετικές Προσδοκίες για Πρώτη Φορά στον Κλάδο της Επικοινωνίας, Ποιές Τάσεις Επιδρούν στην Εξελικτική Διαδικασία των Δημόσιων Σχέσεων, Υπάρχει Ταλέντο στον Χώρο της Διαφήμισης στην Ελλάδα, Σημασία στο Packaging και στο Better for You, Θετικά Αξιολογούν οι Έλληνες την Αγοραστική Εμπειρία στις Μεγάλες Αλυσίδες s/m. | ||
| 700 | 1 |
_aΚορδελάς Δημήτρης _99464 |
|
| 942 | _cCR | ||
| 710 | 2 |
_aThe Marketing Week _99825 |
|
| 999 |
_c9373 _d9373 |
||